Bd. 71, № 1-6; Zeitschrift fur physikalische Chemie

Bibliografiska uppgifter
Parent link:Zeitschrift fur physikalische Chemie: magazin. Bd. 71, № 1-6.— , 1887-1990
Språk:tyska
Publicerad: 1910
Materialtyp: Bok
KOHA link:https://koha.lib.tpu.ru/cgi-bin/koha/opac-detail.pl?biblionumber=546530

MARC

LEADER 00000nam2a2200000 4500
001 546530
005 20231101115919.0
035 |a (RuTPU)RU\TPU\prd\238513 
035 |a RU\TPU\prd\238503 
090 |a 546530 
100 |a 20150608a18871990k y0gery50 ba 
101 0 |a ger 
102 |a DE 
200 0 |a Bd. 71, № 1-6 
210 |d 1910 
461 1 |0 (RuTPU)RU\TPU\prd\145  |t Zeitschrift fur physikalische Chemie  |o magazin  |v Bd. 71, № 1-6  |d 1887-1990 
801 0 |a RU  |b 63413507  |c 20010227  |g PSBO 
801 1 |a RU  |b 63413507  |c 20080423  |g PSBO 
801 2 |a RU  |b 63413507  |c 20150618  |g PSBO 
942 |c BK 
999 |a НТБ_ТПУ  |b НФ  |e -15/20140209  |p П-115  |u 0  |v 1  |x 3394